| 000 | 00445nam a22001817a 4500 | ||
|---|---|---|---|
| 005 | 20230118115446.0 | ||
| 008 | 200518b xxu||||| |||| 00| 0 eng d | ||
| 020 | _a9798189747342 | ||
| 041 | _aeng | ||
| 082 | _a615.85 BAN | ||
| 100 |
_aBANSAL Dr. RAJPAL _95464 |
||
| 245 | _aText book of Pathophysiology I | ||
| 250 | _a2'nd | ||
| 260 |
_aDelhi _bBirla Publication |
||
| 300 | _a655 , xv | ||
| 650 |
_aPharmcy _xD.PHARMA _97473 |
||
| 942 | _cBK | ||
| 999 |
_c6250 _d6248 |
||